| 000 | 00965cad a22001815a 4500 | ||
|---|---|---|---|
| 001 | E154278 | ||
| 008 | 111108s2011 xxk f 000 0 eng d | ||
| 035 | _a(Sirsi) u154278 | ||
| 041 | 0 | _aeng | |
| 110 | 2 |
_aInstitution of Mechanical Engineers _9549 |
|
| 245 | 0 | 0 |
_aScottish energy 2020? _h[electronic resource] |
| 260 |
_aLondon _bIMechE _c2011 |
||
| 520 | _aAssesses the feasibility of the Scottish Government's goal for 20% of Scotland's total energy demand, and 100% of its electricity generation, to be met from renewable sources by 2020. Looks at what will be required from an engineering point of view for these targets to be achieved, and discusses potential barriers to success. | ||
| 651 | 4 |
_aScotland _y1999- |
|
| 690 | _aENVIRONMENTAL AND LAND CONSULTANCY-ENERGY-RENEWABLE ENERGY | ||
| 856 | 4 | 0 |
_uhttps://www.imeche.org/Libraries/2011_Press_Releases/IMechE_Scottish_Energy_Report.sflb.ashx _zView the report free of charge at www.imeche.org |
| 942 | _n0 | ||
| 999 |
_c112920 _d112920 |
||